Champions League Teams 2024/25 - Statistics

General Stats
  • This quiz has been taken 140 times
    134 since last reset
  • The average score is 29 of 36
Answer Stats
Kraj Drużyna % Correct
England Manchester City
98%
Spain Real Madrid
98%
Germany Bayer Leverkusen
97%
Spain FC Barcelona
97%
England Liverpool
96%
France Paris Saint-Germain
95%
England Arsenal
94%
Italy Inter Milan
94%
England Aston Villa
91%
Spain Atlético Madrid
88%
Germany Bayern Munich
88%
Scotland Celtic
87%
Italy Juventus
87%
Italy Milan
85%
Portugal Benfica
84%
Netherlands PSV Eindhoven
84%
Spain Girona FC
83%
Portugal Sporting CP
83%
Germany Borussia Dortmund
82%
Germany RB Leipzig
76%
Netherlands Feyenoord
75%
France AS Monaco
73%
France Lille OSC
73%
Austria Red Bull Salzburg
73%
Italy Atalanta
72%
Italy Bologna
72%
Belgium Club Brugge
72%
Germany VfB Stuttgart
72%
Switzerland BSC Young Boys
71%
Croatia Dinamo Zagreb
70%
France Brest
69%
Czech Republic Sparta Prague
64%
Ukraine Shakhtar Donetsk
61%
Slovakia Slovan Bratislava
57%
Austria Sturm Graz
49%
Serbia FK Crvena zvezda
47%
No matching quizzes found
Score Distribution
Percent of People with Each Score
Percentile by Number Answered
Your Score History
You have not taken this quiz since the last reset